| Tag |
First Indicator |
Second Indicator |
Subfields |
| LEADER |
00000pam a2200000 a 4500 |
| 001 |
in00000087272 |
| 005 |
20151211095631.0 |
| 008 |
800710s1980 nyuab j b 00110bengm |
| 010 |
|
|
|a 80019545
|
| 020 |
|
|
|a 0803823886
|
| 035 |
|
|
|a (OCoLC)06581471
|
| 035 |
|
|
|9 AAK1118AM
|
| 040 |
|
|
|a DLC
|c DLC
|d m.c.
|d TXA
|d UtOrBLW
|
| 043 |
|
|
|a a-cc---
|a n-us---
|
| 049 |
|
|
|a [Curr Col] TXAM
|c [1196953]
|
| 050 |
0 |
0 |
|a PS3537 M16
|b Z78 1980
|
| 082 |
0 |
|
|a 813/.52
|a B
|a 92
|2 19
|
| 100 |
1 |
|
|a Milton, Joyce.
|
| 245 |
1 |
2 |
|a A friend of China /
|c by Joyce Milton.
|
| 264 |
|
1 |
|a New York :
|b Hastings House,
|c [1980]
|
| 264 |
|
4 |
|c ©1980
|
| 300 |
|
|
|a 126 pages :
|b illustrations, map ;
|c 24 cm.
|
| 336 |
|
|
|a text
|b txt
|2 rdacontent
|
| 337 |
|
|
|a unmediated
|b n
|2 rdamedia
|
| 338 |
|
|
|a volume
|b nc
|2 rdacarrier
|
| 500 |
|
|
|a Includes index.
|
| 504 |
|
|
|a Bibliography: pages 121-122.
|
| 520 |
|
|
|a A biography of the author and foreign correspondent who spent more than 10 years in China where she became one of the first outsiders to interview Mao Tse-tung and travel with units of his guerilla armies.
|
| 600 |
1 |
0 |
|a Smedley, Agnes,
|d 1892-1950
|x Juvenile literature.
|
| 999 |
|
|
|a MARS
|
| 999 |
f |
f |
|s 4f701d19-0f3e-354f-9a8b-36f6c056569e
|i 4b31fdbe-3dcf-32d5-967f-b0baa44ee979
|t 0
|
| 952 |
f |
f |
|p ric
|a Texas A&M University
|b Rellis Campus
|c Joint Library Facility
|d Remote Storage
|t 0
|e PS3537 M16 Z78 1980
|h Library of Congress classification
|i unmediated -- volume
|m A14805980781
|
| 998 |
f |
f |
|a PS3537 M16 Z78 1980
|t 0
|l Remote Storage
|